Czy wiesz skąd pochodzi dana broń? - Statystyki

Ogólne statystyki
  • Ten quiz został rozwiązany 303 razy
  • Średni wynik to 19 z 29
Statystyki odpowiedzi
Nazwa broni Kraj pochodzenia % Poprawnych
Pistolet maszynowy PPSz Rosja
94%
Karabinek AK Rosja
94%
Rewolwer Colt Single Action Army USA
89%
Panzerfaust Niemcy
85%
Karabin M1 Garand USA
83%
Bagnet M7 USA
81%
Pistolet maszynowy Sten Wielka Brytania
81%
Snajperskaja Wintowka Dragunowa Rosja
80%
Pistolet maszynowy wz. 1963 Polska
79%
Karabinek M4 USA
77%
Pistolet maszynowy MP7 Niemcy
73%
Glock Austria
71%
Karabin przeciwpancerny wz. 35 Polska
70%
Pistolet HK USP Niemcy
69%
Pistolet maszynowy MP5 Niemcy
69%
Pistolet maszynowy HK UMP Niemcy
67%
Pistolet HK P2000 Niemcy
65%
Karabin Beretta AR70 Włochy
65%
Karabin Steyr AUG Austria
61%
Karabin Galil Izrael
61%
Karabin Typ 88 Chiny
60%
Karabin Typ 63 Chiny
58%
Rewolwer Miroku Special Police Japonia
48%
Karabin Accuracy International AS50 Wielka Brytania
45%
FN Minimi Belgia
44%
Karabin SSG 08 Austria
40%
Karabin Lantan Polska
36%
Pistolet Llama M82 Hiszpania
28%
Karabin ZVI Falcon Czechy
25%
Nie znaleziono quizów pasujących do podanych kryteriów
Rozkład punktacji
Procent ludzi z każdym wynikiem
Percentyl według liczby udzielonych odpowiedzi
Twoja historia wyników
Nie rozwiązałeś tego quizu